00442nam a2200157Ia 4500003000400000005001700004008004100021040000900062082002100071100002300092245005200115260004300167300000900210942004800219999001700267OSt20200723124931.0190216s9999||||xx |||||||||||||| ||und|| coclc a342.54029bSHA/C aSharma, Ram 91946 2aA Constitutional History Of India /cRam Sharma bMacmillan And Company,aBombay:c1955. a342p cBK2ddch342.54029iSHA/Ck342.54029mSHA/C c18677d18677